Rating o rozvoji regiónov: Horizont štyroch rokov? Nestačí!

Hodnotenie rozvoja a dynamiky regiónov Slovenska počas predchádzajúcich piatich rokov. Výsledky odbornej štúdie spoločnosti MasterCard slovenské centrá rozvoja, ktorú spracoval tím expertov z Ekonomickej univerzity v Bratislave.

Enregistré dans:
Détails bibliographiques
Auteur principal: Krištofičová, Dagmar
Format: Chapitre de livre
Langue:slovaque
Sujets:
Tags: Ajouter un tag
Pas de tags, Soyez le premier à ajouter un tag!

MARC

LEADER 00000naa a2200000 4500
001 0181668
005 20231005103500.3
041 0 |a slo 
044 |a SK 
245 1 0 |a Rating o rozvoji regiónov: Horizont štyroch rokov? Nestačí!  |c Dagmar Krištofičová 
520 |a Hodnotenie rozvoja a dynamiky regiónov Slovenska počas predchádzajúcich piatich rokov. Výsledky odbornej štúdie spoločnosti MasterCard slovenské centrá rozvoja, ktorú spracoval tím expertov z Ekonomickej univerzity v Bratislave. 
610 2 0 |a rozvoj regionálny 
610 2 0 |a diferenciácia regionálna 
610 2 0 |a ekonomika regionálna 
610 2 0 |a produkt regionálny 
610 2 0 |a štruktúra regionálna 
610 2 0 |a kraje 
100 1 |a Krištofičová, Dagmar